01231nam a22003017a 4500003000900000005001700009008004100026020001800067020001500085040004300100043001200143082002400155100003700179245013500216264006200351264001000413300005200423336002600475337002800501338002700529504005200556650007200608653002200680655001700702942002800719999001700747952016500764EG-ScBUE20221030132313.0140407t1964 enkeo f b 001 0 eng d a9780226114552 a0226114554 aEG-ScBUEbengerdacEG-ScBUEdEG-ScBUE an-us-il04222a720.977311bCON1 935898aCondit, Carl W.,eauthor.14aThe Chicago school of architecture :ba history of commercial and public bulding in the Chicago area, 1875-1925 /cCarl W. Condit. 1aChicago ;aLondon :bUniversity of Chicago Press,c[1964] 4cc1964 axviii, 238 pages :bphotographs, plans ;c24 cm 2rdacontentatextbtxt 2rdamediaaunmediatedbn 2rdacarrieravolumebnc aIncludes bibliographical references and index.  7aArchitecturezIllinoiszChicagoy19th-20th centuries.2BUEsh935900 bENGARCcApril2014 vReading book 2ddck720.977311 CONcBB c18216d18188 00102ddc40708BaccahaMAINbMAINc2NDd2014-04-07epurchaseg250.00l2m1o720.977311 CONp000035876r2025-07-15 00:00:00s2020-12-12v312.50w2014-04-07yBB